Music Quiz

Random Music or Bands Quiz

Replacement Band Members Quiz Stats

 Plays Quiz not verified by Sporcle

Challenge
Share
Tweet
Score 0/30 Timer 05:00
0 Plays Today
% Correct
Pete Best
89.7%
Peter Gabriel
87.2%
David Lee Roth
85.9%
Syd Barrett
83.3%
Bon Scott
80.8%
Ozzy Osbourne
74.4%
Eric Clapton
74.4%
Dave Mustaine
71.8%
Ronnie Van Zant
71.8%
Hillel Slovak
67.9%
Slash
65.4%
Brian Jones
64.1%
Jim Morrison
60.3%
Freddie Mercury
56.4%
Bob Welch
48.7%
% Correct
Keith Moon
47.4%
Glen Matlock
44.9%
Paul Di'Anno
35.9%
Kristen Pfaff
35.9%
Scott Weiland
34.6%
Bradley Nowell
32.1%
Natalie Merchant
32.1%
Layne Staley
26.9%
Lou Reed
25.6%
Chuck Mosley
23.1%
Glenn Danzig
21.8%
Doug Hopkins
15.4%
James Iha
15.4%
Max Cavalera
11.5%
Shannon Hoon
9%

You're not logged in!

Compare scores with friends on all Sporcle quizzes.
Join for Free
OR
Log In

You Might Also Like...

Show Comments

Extras

Top Quizzes Today


Score Distribution

Your Account Isn't Verified!

In order to create a playlist on Sporcle, you need to verify the email address you used during registration. Go to your Sporcle Settings to finish the process.

Report this User

Report this user for behavior that violates our Community Guidelines.

Details: